LEADER 01142naa a2200241 u 4500 001 000000094268 003 CaOOAMICUS 005 20070226130137.0 008 010830s1980 fr u000 u fre u 035 $a10900587 040 $aPUL(R)$bita 100 1 $aSauvy, Alfred.$0(OLS)http://pul/name/60614 245 13$aLe droit à l'espace, à la terre /$cAlfred Sauvy. 260 $a[S. l. :$bs. n.],$c1980. 300 $aP. [176-182] 504 $aBibliografia in nota. 650 4$aDiritto aeronautico.$0(OLS)http://pul/subject/2930 650 4$aPaesi in via di sviluppo.$0(OLS)http://pul/subject/24236 650 4$aDiritto internazionale pubblico.$0(OLS)http://pul/subject/13984 773 0 $aAcadémie de droit international.$tColloque = Workshop$g1979 773 0 $aAcadémie de droit international.$tLe droit au développement au plan international : Colloque, La Haye, 16-18 octobre 1979 = The right to development at the international level : Workshop, The Hague, 16-18 october 1979$w()61049 996 $6245$aLe droit à l'espace, à la terre$9(OLS)http://pul/title/121132 996 $6260$a[S. l. :$bs. n.]$9(OLS)http://pul/publisher/47882 LEADER 01107nam a2200253 a 4500 001 000000144049 003 CaOOAMICUS 005 20150612110500.0 008 150612s1978 it u000 u ita r 040 $aPUL$bita 100 1 $aQuaranta, Giancarlo.$0(OLS)http://pul/name/42356 245 13$aLa politica della cultura :$bmanifesto della rivoluzione culturale /$cGiancarlo Quaranta ; con interventi di Italo Mancini ... [et al.]. 260 $aBologna :$bEDB,$c©1978. 300 $a141 p. ;$c22 cm 490 1 $aOggi e domani ;$v11 651 4$aItalia$xCultura$ySec. XX.$0(OLS)http://pul/subject/33370 700 1 $aMancini, Italo,$d1925-1993.$0(OLS)http://pul/name/5319 830 0$aOggi e domani ;$v11.$0(OLS)http://pul/title/38868 850 $aPUL 852 $aPUL$W1$xDP1 Fondo S. Lanza$y121$m3 B 98.11$j166103$qFondi$B166605$CPULBib$Z2$F166605 $HLan1991 $82 941 1 $a1 996 $6245$aLa politica della cultura :$bmanifesto della rivoluzione culturale$9(OLS)http://pul/title/182233 996 $6260$aBologna :$bEDB$9(OLS)http://pul/publisher/56073